[Event "Titled Tuesday intern op 29th Aug Early"]
[Site "Chess.com INT"]
[Date "2023.08.29"]
[Round "3"]
[White "Skytte, Rasmus"]
[Black "Mizzi, Jack"]
[Result "0-1"]
[WhiteElo "2334"]
[BlackElo "2007"]
[PlyCount "92"]
[EventDate "2023.08.29"]
[EventType "swiss (blitz)"]
[EventRounds "11"]
[EventCountry "USA"]
[SourceTitle "EXT 2024"]
[Source "ChessBase"]
[SourceDate "2023.10.10"]
[SourceVersion "1"]
[SourceVersionDate "2023.10.10"]
[SourceQuality "1"]

1. e4 c6 2. d4 d5 3. exd5 cxd5 4. Bd3 Nc6 5. c3 Nf6 6. h3 Qc7 7. Nf3 g6 8. 0-0 Bg7 9. Re1 0-0 10. Bg5 Bf5 11. Na3 a6 12. Ne5 Bxd3 13. Qxd3 Ne4 14. Nxc6 bxc6 15. Be3 e5 16. dxe5 Bxe5 17. Rad1 Rfe8 18. c4 Bxb2 19. cxd5 cxd5 20. Rb1 Qc3 21. Qxc3 Bxc3 22. Red1 Bg7 23. Rb7 d4 24. Bf4 Nc3 25. Rd2 Ne2+ 26. Kh2 Nxf4 27. Kg3 Nd5 28. Nc4 Nc3 29. Nd6 Be5+ 30. Kf3 Bxd6 31. Rxd4 Be5 32. Rc4 Nb5 33. Rc5 Bg7 34. Rc6 Nd4+ 35. Kg3 Nxc6 36. Rc7 Be5+ 37. Kf3 Bxc7 38. g3 h5 39. Kg2 Re2 40. Kf3 Rae8 41. Kg2 Nd4 42. g4 h4 43. g5 f5 44. Kg1 f4 45. Kg2 f3+ 46. Kg1 Re1# 0-1

[Event "Norway Chess op"]
[Site "Stavanger"]
[Date "2023.05.28"]
[Round "2"]
[White "Skytte, Rasmus"]
[Black "Stremavicius, Titas"]
[Result "0-1"]
[WhiteElo "2356"]
[BlackElo "2541"]
[PlyCount "120"]
[EventDate "2023.05.27"]
[EventType "swiss"]
[EventRounds "10"]
[EventCountry "NOR"]
[SourceTitle "CBM 214 Extra"]
[Source "ChessBase"]
[SourceDate "2023.07.31"]
[SourceVersion "1"]
[SourceVersionDate "2023.07.31"]
[SourceQuality "1"]

1. e4 c6 2. Nf3 d5 3. exd5 cxd5 4. d4 Nc6 5. Ne5 e6 6. Bb5 Bd7 7. Bxc6 Bxc6 8. 0-0 Bd6 9. Re1 Ne7 10. Nd2 0-0 11. Ndf3 Qc7 12. Bf4 Ba4 13. b3 Be8 14. Qd2 Rc8 15. c4 dxc4 16. bxc4 Ng6 17. Bg3 Nxe5 18. Nxe5 Qd8 19. Rac1 f6 20. Nf3 Bf7 21. Qb2 Rc7 22. Nd2 Rd7 23. Nb3 Bb4 24. Re2 b6 25. a3 Bd6 26. Ree1 Qb8 27. Qc3 Rc8 28. c5 Bxg3 29. hxg3 Rd5 30. Qb4 Rcd8 31. Re3 h5 32. Rec3 Qc7 33. a4 e5 34. cxb6 Qxb6 35. Qxb6 axb6 36. dxe5 Rxe5 37. Rc8 Ree8 38. Rxd8 Rxd8 39. Rc3 Ra8 40. Nd4 Rxa4 41. Rc8+ Kh7 42. Nb5 Ra1+ 43. Kh2 Rd1 44. Rb8 Rd2 45. Kg1 Bc4 46. Na3 b5 47. Rb7 Rd5 48. Nxc4 Rd1+ 49. Kh2 bxc4 50. Rc7 Rc1 51. g4 hxg4 52. Kg3 Rc2 53. Kxg4 Rxf2 54. g3 Rc2 55. Rc5 Rc1 56. Kh3 c3 57. Kg2 c2 58. Rc7 f5 59. Rc5 g5 60. g4 f4 0-1

[Event "Titled Tuesday intern op 25th Apr Late"]
[Site "Chess.com INT"]
[Date "2023.04.25"]
[Round "2"]
[White "Skytte, Rasmus"]
[Black "Estrada Nieto, Julian"]
[Result "0-1"]
[WhiteElo "2356"]
[BlackElo "2217"]
[PlyCount "46"]
[EventDate "2023.04.25"]
[EventType "swiss (blitz)"]
[EventRounds "11"]
[EventCountry "USA"]
[SourceTitle "EXT 2024"]
[Source "ChessBase"]
[SourceDate "2023.10.10"]
[SourceVersion "1"]
[SourceVersionDate "2023.10.10"]
[SourceQuality "1"]

1. e4 e5 2. Nf3 Nc6 3. Bc4 Bc5 4. 0-0 Nf6 5. d3 d6 6. h3 a6 7. Bg5 h6 8. Bh4 g5 9. Bg3 g4 10. hxg4 Bxg4 11. Nbd2 Rg8 12. a3 Ba7 13. c3 Nh5 14. Bh2 Qf6 15. b4 Ne7 16. a4 Ng6 17. b5 Nh4 18. bxa6 Nxf3+ 19. Nxf3 Bxf3 20. axb7 Rxg2+ 21. Kh1 Rxh2+ 22. Kxh2 Qh4+ 23. Kg1 Qh1# 0-1

[Event "Titled Tuesday intern op 11th Apr Early"]
[Site "Chess.com INT"]
[Date "2023.04.11"]
[Round "5"]
[White "Skytte, Rasmus"]
[Black "Dyachuk, Artem"]
[Result "0-1"]
[WhiteElo "2356"]
[BlackElo "2298"]
[PlyCount "54"]
[EventDate "2023.04.11"]
[EventType "swiss (blitz)"]
[EventRounds "11"]
[EventCountry "USA"]
[SourceTitle "CBM 213 Extra"]
[Source "ChessBase"]
[SourceDate "2023.05.31"]
[SourceVersion "1"]
[SourceVersionDate "2023.05.31"]
[SourceQuality "1"]

1. e4 c6 2. d4 d5 3. exd5 cxd5 4. Bd3 Nc6 5. c3 Nf6 6. h3 g6 7. Bf4 Bg7 8. Nf3 0-0 9. 0-0 Bf5 10. Bxf5 gxf5 11. Nbd2 Ne4 12. Re1 e6 13. Ne5 Nxe5 14. Bxe5 Bxe5 15. dxe5 Kh8 16. Nxe4 fxe4 17. Qh5 f5 18. Rad1 Rg8 19. Rd4 Qc7 20. f4 Qg7 21. Re2 Qg3 22. Rf2 Rg6 23. Qe2 Qxh3 24. Rb4 Rag8 25. Rxb7 e3 26. Rf3 Rxg2+ 27. Kf1 Qh1# 0-1

[Event "Titled Tuesday intern op 14th Mar Late"]
[Site "Chess.com INT"]
[Date "2023.03.14"]
[Round "1"]
[White "Shapiro, Viktor"]
[Black "Skytte, Rasmus"]
[Result "0-1"]
[WhiteElo "2192"]
[BlackElo "2341"]
[PlyCount "86"]
[EventDate "2023.03.14"]
[EventType "swiss (blitz)"]
[EventRounds "11"]
[EventCountry "USA"]
[SourceTitle "EXT 2024"]
[Source "ChessBase"]
[SourceDate "2023.10.10"]
[SourceVersion "1"]
[SourceVersionDate "2023.10.10"]
[SourceQuality "1"]

1. c4 e6 2. Nc3 d5 3. d4 c5 4. e3 Nf6 5. Nf3 Nc6 6. a3 dxc4 7. Bxc4 cxd4 8. exd4 Be7 9. 0-0 0-0 10. Qe2 Nd5 11. Nxd5 exd5 12. Bd3 Bg4 13. Be3 Bf6 14. Rad1 Re8 15. h3 Bh5 16. Qc2 Bxf3 17. gxf3 g6 18. Bb5 Rc8 19. Qd2 a6 20. Ba4 b5 21. Bb3 Qd7 22. Kg2 Ne7 23. Rc1 Nf5 24. f4 Nh4+ 25. Kg3 Qf5 26. Rxc8 Rxc8 27. Qd1 Qe4 28. Rg1 Nf5+ 29. Kh2 Bxd4 30. Re1 Bxe3 31. fxe3 Nxe3 32. Qd2 d4 33. f5 Qf4+ 34. Kh1 Qf3+ 35. Kh2 Nxf5 36. Qg2 Qf4+ 37. Kg1 d3 38. Qf2 Qg5+ 39. Kh2 d2 40. Rd1 Rd8 41. Bc2 Ne3 42. Rxd2 Rxd2 43. Qxd2 Nf1+ 0-1

[Event "Titled Tuesday intern op 14th Mar Late"]
[Site "Chess.com INT"]
[Date "2023.03.14"]
[Round "2"]
[White "Skytte, Rasmus"]
[Black "Aldokhin, Ivan"]
[Result "1-0"]
[WhiteElo "2341"]
[BlackElo "2413"]
[PlyCount "139"]
[EventDate "2023.03.14"]
[EventType "swiss (blitz)"]
[EventRounds "11"]
[EventCountry "USA"]
[SourceTitle "EXT 2024"]
[Source "ChessBase"]
[SourceDate "2023.10.10"]
[SourceVersion "1"]
[SourceVersionDate "2023.10.10"]
[SourceQuality "1"]

1. e4 c5 2. c3 d5 3. exd5 Qxd5 4. d4 Nf6 5. Nf3 e6 6. Bd3 cxd4 7. cxd4 Nc6 8. 0-0 Be7 9. Nc3 Qd6 10. Bg5 0-0 11. Rc1 Rd8 12. Nb5 Qd7 13. Ne5 Nxe5 14. Rc7 Nxd3 15. Rxd7 Bxd7 16. Qxd3 Bc6 17. Nc3 Nd5 18. Bxe7 Nxe7 19. Rd1 Nf5 20. Qc4 Rac8 21. Qb4 Rd7 22. f3 Rcd8 23. Ne2 e5 24. Qa5 Nxd4 25. Nxd4 exd4 26. Qxa7 d3 27. Rd2 h5 28. Kf2 g6 29. Qb6 Rd5 30. b3 Re8 31. h4 Bb5 32. Qa5 Ree5 33. Qc3 Re2+ 34. Kg3 Rxd2 35. Qxd2 Bc6 36. a4 Kf8 37. Kf2 Ke7 38. Ke1 Ke6 39. Kd1 Re5 40. Qf4 Rd5 41. Kd2 Ke7 42. Qe3+ Kd7 43. Qa7 Ke6 44. b4 Rd7 45. b5 Bd5 46. Kxd3 Bxf3+ 47. Kc3 Bxg2 48. Qe3+ Kd5 49. Qd2+ Ke6 50. Qxg2 Rc7+ 51. Kb4 Rd7 52. Qe2+ Kd6 53. Qd3+ Ke6 54. Qc4+ Kd6 55. Qc3 f5 56. a5 f4 57. Qc5+ Ke6 58. Qc4+ Kf5 59. a6 bxa6 60. bxa6 Kg4 61. Qe6+ Kg3 62. Qxd7 f3 63. Qf7 f2 64. Qxg6+ Kh2 65. Qf6 Kg3 66. a7 Kh2 67. Qxf2+ Kh1 68. Qf5 Kh2 69. Qxh5 Kh1 70. Qc5 1-0

[Event "Malmo op"]
[Site "Malmo"]
[Date "2022.12.18"]
[Round "8"]
[White "Sorensen, Hampus"]
[Black "Skytte, Rasmus"]
[Result "1/2-1/2"]
[WhiteElo "2442"]
[BlackElo "2347"]
[PlyCount "45"]
[EventDate "2022.12.16"]
[EventType "swiss"]
[EventRounds "8"]
[EventCountry "SWE"]
[SourceTitle "CBM 211 Extra"]
[Source "ChessBase"]
[SourceDate "2023.01.31"]
[SourceVersion "1"]
[SourceVersionDate "2023.01.31"]
[SourceQuality "1"]

1. d4 Nf6 2. c4 c5 3. d5 d6 4. Nc3 g6 5. e4 Bg7 6. h3 0-0 7. Nf3 e6 8. Bd3 Na6 9. 0-0 Nc7 10. a4 e5 11. Re1 Na6 12. Bf1 Nb4 13. Ra3 h6 14. g3 Nh7 15. Na2 a5 16. Nxb4 axb4 17. Ra2 Ng5 18. Nxg5 hxg5 19. b3 Qe7 20. f3 Bd7 21. Rh2 Bf6 22. Be3 Kg7 23. Kg2 1/2-1/2

[Event "DEN-chT 2223 60th"]
[Site "Denmark"]
[Date "2022.10.29"]
[Round "1.1"]
[White "Skytte, Rasmus"]
[Black "Liu, Casper Yukun"]
[Result "1-0"]
[WhiteElo "2354"]
[BlackElo "2317"]
[PlyCount "57"]
[EventDate "2022.10.29"]
[EventType "team-tourn"]
[EventRounds "9"]
[EventCountry "DEN"]
[SourceTitle "EXT 2024"]
[Source "ChessBase"]
[SourceDate "2023.10.10"]
[SourceVersion "1"]
[SourceVersionDate "2023.10.10"]
[SourceQuality "1"]
[WhiteTeam "Aarhus/Skolerne"]
[BlackTeam "BMS"]
[WhiteTeamCountry "DEN"]
[BlackTeamCountry "DEN"]

1. e4 c5 2. Nf3 d6 3. c3 Nf6 4. Be2 g6 5. 0-0 Bg7 6. d3 0-0 7. Nbd2 Nc6 8. Re1 b5 9. d4 Rb8 10. a4 b4 11. Bb5 bxc3 12. bxc3 Na5 13. Ba3 Bd7 14. dxc5 dxc5 15. Bxc5 Bxb5 16. axb5 Rxb5 17. Bxa7 Nc6 18. Bd4 e5 19. Be3 Qc7 20. h3 Rfb8 21. Qa4 Ne8 22. Nc4 Nb4 23. Nfxe5 Bxe5 24. Nxe5 Qxe5 25. cxb4 Rxb4 26. Qa3 Rxe4 27. f3 Reb4 28. Ba7 Qg3 29. Rxe8+ 1-0

[Event "Odense IM-B"]
[Site "Odense"]
[Date "2022.10.14"]
[Round "4"]
[White "Skytte, Rasmus"]
[Black "Ramsdal, Jens Albert"]
[Result "1/2-1/2"]
[WhiteElo "2354"]
[BlackElo "2318"]
[PlyCount "25"]
[EventDate "2022.10.14"]
[EventType "tourn"]
[EventRounds "5"]
[EventCountry "DEN"]
[EventCategory "3"]
[SourceTitle "CBM 210 Extra"]
[Source "ChessBase"]
[SourceDate "2022.11.30"]
[SourceVersion "1"]
[SourceVersionDate "2022.11.30"]
[SourceQuality "1"]

1. d4 Nf6 2. c4 g6 3. Nc3 d5 4. Nf3 Bg7 5. Bg5 0-0 6. Bxf6 Bxf6 7. cxd5 c5 8. dxc6 bxc6 9. e3 c5 10. Be2 Bb7 11. 0-0 Nd7 12. Rc1 Rb8 13. b3 1/2-1/2